Statistics for Fast TROLL Typing Part 1: Random letters + numbers

Click here to take the quiz!

General Stats

  • This quiz has been taken 304 times
  • The average score is 39 of 52

Answer Stats

HintAnswer% Correct
11
100%
22
99%
aa
99%
33
98%
bb
98%
cc
97%
44
96%
55
95%
dd
95%
ee
95%
66
94%
77
91%
ff
91%
88
90%
99
90%
gg
89%
hh
88%
1010
87%
ii
86%
1111
85%
jj
84%
1212
83%
kk
83%
ll
82%
1313
81%
mm
80%
1414
79%
nn
78%
1515
77%
1616
76%
oo
76%
pp
74%
1717
71%
qq
69%
1818
67%
1919
64%
rr
64%
ss
62%
2020
60%
tt
57%
2121
56%
uu
53%
2222
52%
vv
49%
2323
48%
2424
44%
ww
44%
xx
41%
2525
39%
yy
36%
2626
35%
zz
34%

Score Distribution

Percentile by Number Answered

Percent of People with Each Score

Your Score History

You have not taken this quiz